[Event "Tarragona Province-chA"]
[Site "Tarragona"]
[Date "2008.04.26"]
[Round "2"]
[White "Valls Marti, Artur"]
[Black "Cases Arasa, Jordi"]
[Result "1-0"]
[WhiteElo "2147"]
[BlackElo "1942"]
[PlyCount "65"]
[EventDate "2008.04.19"]
[EventType "swiss"]
[EventRounds "8"]
[EventCountry "ESP"]
[SourceTitle "EXT 2019"]
[Source "ChessBase"]
[SourceDate "2018.10.10"]
[SourceVersion "1"]
[SourceVersionDate "2018.10.10"]
[SourceQuality "1"]

1. e4 c5 2. Nf3 e6 3. d4 cxd4 4. Nxd4 a6 5. c4 Qc7 6. a3 Nc6 7. Be3 Nf6 8. Nc3 Be7 9. Be2 d6 10. 0-0 Bd7 11. b4 Rc8 12. f4 Nxd4 13. Qxd4 e5 14. Qd1 0-0 15. Rc1 Rfd8 16. g4 Bc6 17. Bf3 exf4 18. Bxf4 b5 19. g5 Ne8 20. cxb5 Qa7+ 21. b6 Qxb6+ 22. Kh1 Nc7 23. Nd5 Nxd5 24. exd5 Bd7 25. Re1 Bf8 26. Be3 Qb7 27. Bd4 Rxc1 28. Qxc1 Rc8 29. Qd2 Bf5 30. Qf4 Bd7 31. Be4 Rc7 32. Rf1 Bb5 33. Qf5 1-0